| 000 | 00777nam a22001815i 4500 | ||
|---|---|---|---|
| 001 | 53629 | ||
| 003 | ES-MaACL | ||
| 005 | 20230906162812.0 | ||
| 007 | t| | ||
| 008 | 960529s1878 sp a ||||1| spa d | ||
| 040 |
_aCLM _bspa _cCCPB | SIC |
||
| 100 | 1 |
_aFeliu y Perez, Bartolome. _949205 |
|
| 245 | 1 | 0 |
_aCurso elemental de física experimental y nociones de química inorgánica _b: para uso de los establecimientos de 2ª Enseñanza, seminarios y escuelas especiales / _cpor Bartolomé Feliú y Perez. |
| 250 | _a4ª ed. enriquecida con cerca de 500 fig. intercaladas... y con otras muchas mejoras y adelantos. | ||
| 260 |
_aMadrid : _b[s.n.], _c1878 ( _fImprenta de la viuda e hijo de D. Eusebio Aguado) |
||
| 300 |
_a609 p. : _bil. ; _c25 cm. |
||
| 852 |
_aES-MaACL _jC-2418 |
||
| 999 |
_c53629 _d53629 |
||